<The> Impact of Institutional Environment on Slovak Enterprises and the Institutional Hysteresis Effect

Použitie údajov svetových ekonomických organizácií na výskum podnikateľského prostredia a konkurencieschopnosti na Slovensku. Použitie korelačnej a regresnej analýzy. Skúmanie inštitucionálnej hysterézy.

Na minha lista:
Detalhes bibliográficos
Autor principal: Bažó, Ladislav, 1980-
Outros Autores: Čukanová, Miroslava, 1984-, Markovičová, Laura, Steinhauser, Dušan, 1988-
Formato: Capítulo de Livro
Idioma:inglês
Assuntos:
Tags: Adicionar Tag
Sem tags, seja o primeiro a adicionar uma tag!

MARC

LEADER 00000naa a2200000 4500
001 0259056
005 20250203131427.0
041 0 |a eng 
044 |a CZ 
245 1 0 |a <The> Impact of Institutional Environment on Slovak Enterprises and the Institutional Hysteresis Effect  |c Ladislav Bažó, Miroslava Čukanová, Laura Markovičová, Dušan Steinhauser 
520 |a Použitie údajov svetových ekonomických organizácií na výskum podnikateľského prostredia a konkurencieschopnosti na Slovensku. Použitie korelačnej a regresnej analýzy. Skúmanie inštitucionálnej hysterézy. 
610 2 0 |a konkurencieschopnosť 
610 2 0 |a prostredie podnikateľské 
610 2 0 |a inštitúcie finančné 
610 2 0 |a kvalita 
610 2 0 |a Slovensko 
100 1 |a Bažó, Ladislav, 1980- 
700 1 |a Čukanová, Miroslava, 1984- 
700 1 |a Markovičová, Laura 
700 1 |a Steinhauser, Dušan, 1988-